000
00243 a2200085 4500
100
_a
Asha
245
_a
Hindi ke mahila natakkar( हिन्दी के महिला नाटककार)
260
_b
Adwait prakashan
_c
2021
942
_c
OO
999
_c
113905
_d
113904